Statistics for Movie Characters by Last Name #2

Click here to take the quiz!

General Stats

  • This quiz has been taken 18,108 times
  • The average score is 12 of 27

Answer Stats

First Name Last Name % Correct
WillyWonka
95%
MartyMcFly
86%
ErinBrockovich
74%
EdwardCullen
71%
JohnRambo
70%
TylerDurden
61%
JasonVoorhees
50%
HarveyMilk
50%
SamwiseGamgee
50%
KeyserSöze
48%
BellatrixLestrange
48%
DanielOcean
47%
HansGruber
46%
DerekZoolander
45%
ClariceStarling
40%
HollyGolightly
39%
SteveZissou
35%
VanWilder
34%
HarryCallahan
33%
TonyMontana
32%
LeiaOrgana
31%
LisbethSalander
27%
BeatrixKiddo
21%
TravisBickle
21%
DorothyGale
21%
VictorLaszlo
18%
CharlesKane
11%

Score Distribution

Percentile by Number Answered

Percent of People with Each Score

Your Score History

You have not taken this quiz